Online Catalogue and eLibrary

Socio-religious reform movements in British India / (Record no. 324)

MARC details
000 -LEADER
fixed length control field 00697pam a2200217 a 4500
001 - CONTROL NUMBER
control field 4329923
005 - DATE AND TIME OF LATEST TRANSACTION
control field 20240208001520.0
008 - FIXED-LENGTH DATA ELEMENTS--GENERAL INFORMATION
fixed length control field 881019s1989 enkb b 001 0 eng
020 ## - INTERNATIONAL STANDARD BOOK NUMBER
ISBN 0521249864
040 ## - CATALOGING SOURCE (பட்டியலாக்க மூலம்)
Original cataloging agency DLC
Transcribing agency DLC
Modifying agency DLC
082 00 - DDC Classification
Class No. 306.6
DDC Edition Number 20
Item Number - Author Mark KEN.
100 1# - MAIN ENTRY--PERSONAL NAME
Personal name Jones, Kenneth W.
245 10 - TITLE STATEMENT
Title Socio-religious reform movements in British India /
Statement of responsibility, etc. Kenneth W. Jones.
260 ## - PUBLICATION, DISTRIBUTION, ETC.
Place of publication, distribution, etc. England ;
-- New York /
Name of publisher, distributor, etc. Cambridge University Press,
Date of publication, distribution, etc. 1989.
300 ## - PHYSICAL DESCRIPTION
Extent (e.g. Volumes, Pages etc.) x, 243 p. :
500 ## - GENERAL NOTE
General note Includes index.
650 #0 - SUBJECT ADDED ENTRY--TOPICAL TERM
Topical term or geographic name entry element Religion and sociology
856 42 - ELECTRONIC LOCATION AND ACCESS
Uniform Resource Identifier <a href="http://www.loc.gov/catdir/description/cam023/88030433.html">http://www.loc.gov/catdir/description/cam023/88030433.html</a>
856 41 - ELECTRONIC LOCATION AND ACCESS
Uniform Resource Identifier <a href="http://www.loc.gov/catdir/toc/cam022/88030433.html">http://www.loc.gov/catdir/toc/cam022/88030433.html</a>
942 ## - Koha item type (Biblio)
Koha item type Books in Stacks (Lending)
Holdings
Lost status Damaged status Collection code Home library Current library Date acquired Full call number Accession Number Item type
    Lending WERC Library WERC Library 02/08/2024 306.6 KEN. 610 Books in Stacks (Lending)

© WERC Library